[Event "Nordic Chess-ch 2019"]
[Site "Sarpsborg"]
[Date "2019.06.21"]
[Round "1.19"]
[White "Vitenberg, Noam Aviv"]
[Black "Strand, Vetle Bjorge"]
[Result "1-0"]
[WhiteElo "2256"]
[BlackElo "1609"]
[Annotator "TA"]
[PlyCount "109"]
[EventDate "2019.06.21"]
[EventType "swiss"]
[EventCountry "NOR"]
[SourceTitle "playchess.com"]
[Source "ChessBase"]
[SourceQuality "1"]

{[%evp 11,109,2,9,-11,-9,-37,5,-33,-32,-36,-19,-18,-20,-22,-15,-14,-14,-19,-6,-25,-18,-23,2,0,0,0,0,6,36,36,64,64,47,35,52,53,68,51,77,60,83,79,344,66,235,220,237,233,221,230,289,287,287,281,266,273,333,327,352,344,377,380,437,395,435,441,666,658,674,664,706,683,664,616,637,587,29986,5816,1307,780,1153,1096,5952,6029,5422,5166,5368,5385,5385,2250,3281,3005,2785,1176,2652,2385,2240,2164,1596,1377]} 1. Nf3 d5 2. d4 Nf6 3. c4 c6 4. e3 Bg4 5. Nc3 e6 6. Qb3 Qc7 7. Ne5 {D11: Slav Defence: 3 Nf3 sidelines and 3...Nf6 4 e3 Bg4} (7. Nh4 Be7 8. h3 Bh5 9. g4 Bg6 10. Nxg6 hxg6 11. Bg2 Nbd7 12. cxd5 exd5 13. Qc2 Bd6 14. Bd2 O-O-O {0-1 (28) Dreev,A (2653)-Korobov,A (2652) Riadh 2017}) 7... Bf5 8. h3 h6 9. Bd2 {The position is equal.} Nbd7 10. Rc1 Qb6 $146 ({Predecessor:} 10... Nxe5 11. dxe5 Ne4 12. Nxe4 Bxe4 13. f3 Bh7 14. cxd5 exd5 15. Qxd5 {1-0 (26) Liedl,W (2226)-Herndlbauer,M (2110) Austria 2014}) 11. Nxd7 Nxd7 12. Be2 Be7 13. O-O O-O 14. Rfe1 Rfe8 15. Na4 Qxb3 16. axb3 Nb6 17. Nc5 $36 {[%mdl 2048] White is pushing.} Bxc5 18. dxc5 Nd7 19. b4 a6 20. Bc3 Kh7 21. g4 Bg6 22. Kh2 f6 23. Red1 Rf8 24. f3 Rf7 25. Rd2 Ne5 26. b3 h5 $2 {[%mdl 8192]} (26... Rff8 $16) 27. Ra1 $2 (27. f4 $18) 27... Re8 $2 ({Black should play} 27... Nd7 $14) 28. f4 $1 $18 {[%csl LRe5,LRh5]} Nd7 {[#]} 29. f5 $1 {[%cal Rf5g6]} ({Weaker is} 29. gxh5 Be4 $16) 29... exf5 30. gxh5 Bxh5 31. Bxh5 g6 32. Bd1 ({Less strong is} 32. cxd5 gxh5 33. dxc6 bxc6 $16) 32... dxc4 33. Bd4 ({But not} 33. bxc4 $6 Rxe3 34. Bd4 Re8 $18) 33... cxb3 34. Bxb3 Rfe7 35. Rf1 Kg7 36. Rg2 Kh7 37. Bd1 Re4 38. Bc2 R4e7 (38... Rxe3 $142 39. Bxe3 Rxe3 40. Rxf5 gxf5) 39. Rfg1 Nf8 40. h4 Rf7 {[#]} 41. h5 $1 g5 (41... gxh5 42. Bxf5+) 42. Bxf5+ Kh6 43. e4 Kxh5 44. Kg3 (44. Rg3 $142 Rxe4 45. Bxe4 Kh6 46. Rh3+ Kg7 47. Rxg5+ Ng6 48. Rxg6+ Kf8 49. Bxf6) 44... Kh6 {White is clearly winning.} 45. Rh2+ Kg7 46. Kf3 {Rxg5+ would kill now.} Kg8 {[#]} 47. Rxg5+ $1 {[%mdl 512]} Rg7 (47... fxg5 48. Rh8#) 48. Bxf6 {[%csl Gf6][%cal Rg5g7]} Rxg5 49. Rh8+ Kf7 50. Bxg5 Kg7 51. Rh6 Ra8 52. Rh2 Ng6 53. Bd2 Ne5+ 54. Kf4 {Intending Bc3! and mate.} Ng6+ 55. Kg5 {Accuracy: White = 55%, Black = 25%.} 1-0

[Event "Nordic Chess-ch 2019"]
[Site "Sarpsborg"]
[Date "2019.06.21"]
[Round "1.20"]
[White "Kro, Andreas Fuskeland"]
[Black "Altarbosh, Ward"]
[Result "0-1"]
[WhiteElo "1565"]
[BlackElo "2250"]
[Annotator "TA"]
[PlyCount "102"]
[EventDate "2019.06.21"]
[EventType "swiss"]
[EventCountry "NOR"]
[SourceTitle "playchess.com"]
[Source "ChessBase"]
[SourceQuality "1"]

{[%evp 10,102,33,-16,-22,-89,-23,-36,-18,-13,21,-38,-27,-25,0,0,0,0,20,16,8,13,12,-151,-143,-141,-16,-16,22,15,25,15,35,-10,19,-25,0,-7,-8,-25,-16,-95,0,0,16,-33,-37,-27,-22,-22,-22,-22,-22,-22,-35,-80,-80,-76,-75,-104,-30,-21,-30,-247,-247,-247,-246,-244,-241,-247,-240,-263,-236,-247,-256,-249,-186,-221,-156,-214,-202,-372,-236,-622,-660,-776,-773,-887,-876,-754,-712,-29995,-29983,-29982,-4597]} 1. d4 d5 2. c4 c6 3. Nc3 Nf6 4. Nf3 dxc4 5. a4 Bf5 6. Bf4 e6 {D17: Slav Defence: 5 a4 Bf5: Lines with 6 Nh4 and 6 Ne5} (6... Nd5 7. Bg3 e6 8. e3 {½-½ (8) Milenkovic,M (2404)-Martinovic,S (2447) Vrnjacka Banja 2012}) 7. Nh4 (7. e3 $11 {keeps the balance.}) 7... Nd5 (7... Bb4 $17 8. Nxf5 exf5) 8. Nxf5 $11 {[#] Bxb8 is the strong threat.} exf5 $146 {Black is slightly better.} (8... Nxf4 {with more complications.} 9. Ne3 Bb4 10. Nxc4 O-O 11. e3 Nd5) ({Predecessor:} 8... Nxf4 9. Ng3 Bb4 10. Qd2 Qc7 11. e3 Nd3+ 12. Bxd3 cxd3 13. Qxd3 Nd7 14. O-O {0-1 (52) Rueckert,H (1905)-Horras,M (1841) Germany 2011}) 9. Bd2 Be7 10. Qc2 ({White should play} 10. e3 $11) 10... g6 (10... Qd7 {is more complex.} 11. e3 Nb4 12. Qb1 Qe6 13. Na2 N8a6) 11. e3 Nxc3 12. Bxc3 Qd5 13. Qe2 b5 14. axb5 cxb5 15. b3 {[%cal Rb3c4]} Nd7 16. Qf3 $2 (16. bxc4 $11 bxc4 17. Qf3 (17. Qxc4 Qxc4 18. Bxc4 Rc8 $17) 17... Qxf3 18. gxf3) 16... Qxf3 $17 17. gxf3 O-O ({Don't play} 17... cxb3 $6 18. Bxb5 Rb8 19. Bxd7+ Kxd7 20. Rxa7+ Kd6 21. Kd2 $11) ({Black should try} 17... b4 $17 18. Bb2 c3) 18. bxc4 $11 bxc4 (18... b4 $5 {[%cal Rb4c3]} 19. Bd2 a5 $11) 19. Be2 Nb6 20. O-O Nd5 21. Rfc1 {[%mdl 1024] White has compensation.} Rfc8 22. e4 Nf4 23. Bf1 Nd3 24. Rd1 Rab8 25. Rxa7 (25. Bxd3 $11 cxd3 26. Bd2) 25... Bh4 (25... Bb4 $17 26. Bxb4 Nxb4) 26. Bxd3 cxd3 27. Be1 Rc2 {[#] White must now prevent ...Rbb2.} 28. Ra3 fxe4 29. fxe4 Rbb2 {And now ...d2 would win.} 30. Raxd3 Bxf2+ 31. Bxf2 Rxf2 {[%mdl 4096] Endgame KRR-KRR} 32. d5 Rg2+ ({Much worse is} 32... Rxh2 33. d6 $11) 33. Kh1 Rxh2+ 34. Kg1 Rhe2 ({Better is} 34... Rbg2+ $17 35. Kf1 Kf8) 35. d6 Rb8 36. d7 $2 (36. Rd4 $11 {and White is okay.}) 36... Rd8 $19 37. Rd4 Kf8 38. Rc1 Ke7 39. Rc7 h5 40. Kf1 Rb2 41. Rd5 Rb4 42. e5 Ke6 43. Rd2 Rbb8 ({Don't blunder} 43... Kxe5 $2 44. Rc8 $18) 44. Rd6+ (44. Rc6+ $17 {is a better defense.} Kxe5 45. Rd3) 44... Kxe5 45. Rdc6 $2 (45. Rd1 {keeps fighting.}) 45... h4 {Strongly threatening ...Rb1+.} 46. Rc8 $2 (46. Ra7) 46... Rb1+ 47. Kg2 Rxd7 48. Rc5+ Kf4 {( -> ...Rd2+)} 49. Rc4+ Kg5 50. Rh8 Rb2+ 51. Kf3 f5 {Accuracy: White = 33%, Black = 43%.} (51... Rd3+ $142 52. Ke4 Rbd2 53. Rxh4 Kxh4 54. Rc1 f5+ 55. Ke5 Re2+ 56. Kf6 f4 57. Rc4 Rd6+ 58. Kf7 Kg3 59. Rc7 f3 60. Rc1 Kg2 61. Kg7 g5 62. Rc5 g4 63. Rf5 g3 64. Kf8 f2 65. Rf7 f1=Q 66. Rxf1 Kxf1 67. Kf7 g2 68. Kg8 g1=Q+ 69. Kf7 Qg6+ 70. Kf8 Rf6#) 0-1

[Event "Nordic Chess-ch 2019"]
[Site "Sarpsborg"]
[Date "2019.06.21"]
[Round "1.21"]
[White "Thorn, Eric"]
[Black "Pettersen, Morgan Buckholm"]
[Result "1-0"]
[WhiteElo "2230"]
[BlackElo "1508"]
[Annotator "TA"]
[PlyCount "83"]
[EventDate "2019.06.21"]
[EventType "swiss"]
[EventCountry "NOR"]
[SourceTitle "playchess.com"]
[Source "ChessBase"]
[SourceQuality "1"]

{[%evp 16,83,45,43,61,32,49,35,19,0,83,56,71,71,79,89,108,54,66,16,38,35,75,83,168,47,52,75,88,85,87,68,84,47,75,86,150,80,83,64,240,136,291,289,283,275,433,422,404,389,481,450,518,518,520,499,495,499,512,488,530,518,698,638,29973,731,677,601,756,739]} 1. d4 d5 2. c4 c6 3. Nc3 Nf6 4. e3 e6 5. Nf3 Be7 6. Bd3 O-O 7. O-O Nbd7 8. b3 dxc4 9. bxc4 c5 {D46: Semi-Slav: 5 e3 Nbd7 6 Bd3, Black avoids the Meran} 10. d5 exd5 11. cxd5 Re8 {White is slightly better.} 12. e4 $146 ({Predecessor:} 12. Nb5 Nxd5 13. Bxh7+ Kxh7 14. Qxd5 a6 15. Nd6 Bxd6 16. Qxd6 Qf6 17. Qd3+ {1-0 (63) Pyke,M (1914)-Murray,R (1727) Adelaide 2003}) 12... Ng4 (12... Bd6 $11 {remains equal.}) 13. Bf4 Bf6 14. Rc1 $36 {[%mdl 2048] Black is under strong pressure.} Nde5 15. Nxe5 Nxe5 16. Be2 (16. Bxe5 $16 Bxe5 17. f4 Bd4+ 18. Kh1) 16... a6 17. Be3 {aiming for f4.} Nd7 $1 18. d6 Bxc3 19. Rxc3 b6 {[#]} (19... Qf6 $16 {is a better defense.} 20. Qd3 Qe5) 20. Qd2 (20. f4 $1 $18) 20... Bb7 $14 21. f3 h6 22. a4 Rc8 23. Rb1 Qf6 24. Bc4 Rc6 25. Bf4 Rcc8 ({Black should try} 25... Qd4+ 26. Qe3 Rcc8) 26. Rcb3 (26. e5 $142 Qf5 27. Rb2) 26... Rcd8 $16 27. Bg3 Bc8 $2 (27... Bc6 $1 $14) 28. Qd3 ({Better is} 28. Bd5 $18) 28... Ne5 $2 (28... Bb7 $16 {keeps fighting.} 29. R3b2 Bc6 30. Bxa6 h5) 29. Bxe5 $1 $18 Qxe5 30. Rxb6 Qd4+ (30... Be6 $142 31. Rd1 (31. Bxa6 c4 $18) (31. Rxa6 Bxc4 32. Qxc4 Rxd6 $16) 31... a5) 31. Qxd4 cxd4 32. Rd1 Bd7 33. Rxd4 Bxa4 {[#]} 34. Bxf7+ $1 {[%mdl 512]} Kxf7 35. Rxa4 {[%mdl 4096] Endgame KRR-KRR} Rd7 36. Raxa6 Ke6 37. Rc6 g5 38. Rc7 Rxd6 39. Rcc6 Red8 40. Kf2 (40. Rxd6+ $142 Rxd6 41. Rxd6+ Kxd6 42. Kf2 Ke5 43. Kg3 Ke6 44. h4 Kf6 45. Kg4 gxh4 46. Kxh4) 40... Rxc6 41. Rxc6+ Ke5 42. Rxh6 {Accuracy: White = 38%, Black = 34%.} 1-0

[Event "Nordic Chess-ch 2019"]
[Site "Sarpsborg"]
[Date "2019.06.21"]
[Round "1.22"]
[White "Granholt, Morten"]
[Black "Haugli, Petter"]
[Result "0-1"]
[WhiteElo "1478"]
[BlackElo "2223"]
[Annotator "TA"]
[PlyCount "40"]
[EventDate "2019.06.21"]
[EventType "swiss"]
[EventCountry "NOR"]
[SourceTitle "playchess.com"]
[Source "ChessBase"]
[SourceQuality "1"]

{[%evp 11,58,37,33,8,25,-19,1,-25,17,3,0,-30,-29,-47,-19,-65,-61,-63,-45,-128,-126,-187,-179,-173,-171,-192,-218,-225,-209,-229,-175,-183,-203,-383,-383,-383,-383,-430,-322,-295,-286,-291,-278,-531,-433,-564,-552,-3139,-2784]} 1. d4 Nf6 2. Nf3 g6 3. c4 Bg7 4. g3 O-O 5. Bg2 d6 6. O-O Bf5 7. Nbd2 {E60: King's Indian: Unusual lines and Fianchetto Variation without Nc3} (7. Re1 c6 8. Nc3 Ne4 9. Qb3 Qb6 10. g4 Nxc3 11. gxf5 Ne4 12. fxg6 hxg6 13. Qd3 d5 14. b3 Nd7 15. Be3 e6 16. h4 f5 17. cxd5 exd5 {1-0 (48) Mamedyarov,S (2800)-Caruana,F (2808) Paris 2017}) 7... c6 8. Nh4 Bc8 $146 ({Predecessor:} 8... Be6 9. e4 Qb6 10. Nhf3 Bh6 11. Qc2 Na6 12. a3 c5 13. d5 Bd7 14. b3 Qc7 {1-0 (40) Hansen,E (1846)-Bernik,A (1680) Maribor 2012}) 9. Qc2 {The position is equal.} Nbd7 10. e4 e5 11. d5 Qc7 12. Qd1 a5 13. b3 cxd5 14. cxd5 b5 {[%cal Bb7b5,Bb5b4][%mdl 32]} 15. Ba3 (15. a3 $15) 15... b4 $17 16. Rc1 (16. Bb2 $17) 16... Nc5 $19 17. Bb2 Ba6 18. Nc4 Nfxe4 19. Bxe4 Nxe4 20. Nxe5 Nc5 {Played: Ne4-c3} 0-1

[Event "Nordic Chess-ch 2019"]
[Site "Sarpsborg"]
[Date "2019.06.21"]
[Round "1.23"]
[White "Sjoberg, Isak"]
[Black "Hanebuth, Katja"]
[Result "1-0"]
[WhiteElo "2222"]
[BlackElo "1463"]
[Annotator "TA"]
[PlyCount "111"]
[EventDate "2019.06.21"]
[EventType "swiss"]
[EventCountry "NOR"]
[SourceTitle "playchess.com"]
[Source "ChessBase"]
[SourceQuality "1"]

{[%evp 9,111,36,47,31,47,43,59,62,108,97,97,77,66,52,62,47,65,23,31,2,25,16,16,0,33,0,0,0,0,0,0,0,25,25,26,22,82,47,46,46,54,26,33,13,19,-57,42,-108,7,4,99,97,107,95,104,105,105,103,123,19,28,29,74,0,0,0,16,24,234,224,596,580,972,972,583,291,767,764,743,718,628,506,1222,1129,1399,1294,1410,1245,5110,114,29982,29983,29981,29982,29987,29988,29991,29992,29992,29993,29994,29994,29994,29994]} 1. e4 d5 2. exd5 Qxd5 3. Nc3 Qd6 4. d4 Nf6 5. h3 (5. Nf3 c6 6. h3 g6 7. Bc4 Be6 8. Bb3 Bxb3 9. axb3 Qe6+ 10. Ne5 Nbd7 11. O-O Nxe5 12. dxe5 Qxe5 13. Re1 Qf5 {1-0 (24) Dominguez Perez,L (2752)-Andreikin,D (2759) Hengshui 2019}) 5... a6 6. Be2 {B01: Scandinavian Defence} h6 $146 ({Predecessor:} 6... Nc6 7. Be3 Bf5 8. a3 O-O-O 9. Nf3 e5 10. dxe5 Nxe5 11. O-O Qxd1 12. Raxd1 Rxd1 13. Bxd1 Nxf3+ 14. Bxf3 Bxc2 {0-1 (46) Kisiel,Z-Holownia,M (1864) Poland 2016}) 7. Bf3 e6 8. Nge2 {White is slightly better.} Nd5 9. O-O Be7 10. a4 (10. Ne4 {with more complications.} Qd8 11. c4 Nf6 12. Bf4 O-O 13. Qd2) 10... O-O 11. Nxd5 exd5 12. Nf4 c6 $1 13. a5 Bf5 14. Re1 Qd8 15. c3 Nd7 16. Nd3 Bg5 17. b3 Bxc1 18. Nxc1 Qg5 19. Bg4 Bxg4 20. Qxg4 Qxg4 21. hxg4 Rfe8 22. Nd3 f6 (22... Rxe1+ $11 23. Rxe1 Kf8) 23. Rxe8+ Rxe8 $16 {[%mdl 4096] Endgame KRN-KRN} 24. Kf1 Kf7 25. Ra4 g6 26. Rb4 Rb8 27. Ke2 ({Better is} 27. Nc5 $11 Nxc5 28. dxc5) 27... g5 (27... b5 $1 $15) 28. g3 (28. Ra4 $14 {keeps the upper hand.}) 28... Kg6 (28... b5 $1 $17) 29. c4 $11 f5 (29... Re8+ $11 30. Kf3 b5) 30. cxd5 $16 fxg4 31. dxc6 bxc6 32. Ne5+ Kf5 33. Nxc6 Re8+ {[#]} 34. Kd3 (34. Kf1 $1 $16) 34... h5 $1 $11 35. Rb7 Ke6 {[#]} 36. Ne5 (36. Ra7 $1 $16) 36... Nxe5+ 37. dxe5 {aiming for Ke4.} Kxe5 {KR-KR} 38. Rh7 Rf8 $2 (38... h4 $11) 39. Rxh5 $18 Rf3+ $2 (39... Rf5 40. Kc4 Ke4) 40. Kc4 Kf5 41. Rh8 Kg6 42. Rg8+ (42. Ra8 $142) 42... Kh6 $2 (42... Kh5 43. Rh8+ Kg6) 43. Ra8 Rf6 44. b4 Kg7 45. Ra7+ Kg6 (45... Kf8 $142 46. b5 axb5+ 47. Kxb5 Rf5+ 48. Kb4 Rxf2) 46. Rb7 Rxf2 47. Rb6+ {[%mdl 64] Double Attack} Kh5 48. Rxa6 Rf3 49. b5 $2 (49. Ra8 $18 {is the precise move to win.} Rxg3 50. a6) 49... Rxg3 $2 {[%mdl 8192]} (49... Rc3+ $16 50. Kd5 (50. Kb4 Rc4+ 51. Ka3 Rc3+ 52. Ka4 Rc4+ 53. Kb3 Rc3+ 54. Kb2 Rc2+ 55. Kb3 Rc3+ 56. Kb2 Rc2+ 57. Kb1 Rc1+ 58. Kb2 Rc2+ $11) 50... Rxg3) 50. b6 {White mates.} Rg1 51. b7 Rb1 52. Rb6 Rxb6 53. axb6 g3 54. b8=Q Kh4 55. Qh8+ Kg4 56. Qh1 {Accuracy: White = 34%, Black = 29%.} 1-0

[Event "Nordic Chess-ch 2019"]
[Site "Sarpsborg"]
[Date "2019.06.21"]
[Round "1.24"]
[White "Nordtug, Per Oistein"]
[Black "Abdrlauf, Elham"]
[Result "0-1"]
[WhiteElo "1456"]
[BlackElo "2207"]
[Annotator "TA"]
[PlyCount "44"]
[EventDate "2019.06.21"]
[EventType "swiss"]
[EventCountry "NOR"]
[SourceTitle "playchess.com"]
[Source "ChessBase"]
[SourceQuality "1"]

{[%evp 12,44,32,35,29,16,16,18,33,16,54,21,31,12,12,23,16,13,79,0,24,-13,0,0,25,-11,-2,-17,0,-23,-23,-133,-138,-273,-271]} 1. c4 f5 2. Nc3 Nf6 3. Nf3 g6 4. e3 Bg7 5. d4 O-O 6. Be2 d6 7. O-O Nbd7 {A85: Dutch Defence: 2 c4 Nf6 3 Nc3} 8. b3 (8. Ng5 Nb6 9. Qb3 c6 10. a4 a5 11. Rd1 h6 12. Nf3 Kh7 13. Qc2 d5 14. b3 Be6 15. Ne5 {½-½ (51) Sargissian,G (2702)-Mamedyarov,S (2747) Huaian 2016}) 8... e5 9. dxe5 Nxe5 $146 {The position is equal.} ({Predecessor:} 9... dxe5 10. Bb2 c6 11. Qd6 Re8 12. Rad1 Bf8 13. Qd2 Qe7 14. Qc2 Nb6 15. e4 Bg7 16. Bd3 f4 17. Nxe5 Qxe5 18. Nd5 Qxb2 19. Qxb2 cxd5 20. exd5 Nfxd5 21. Qc1 Nb4 {½-½ (21) Wasiluk,R (1697)-Jarczewski,M (1888) Bialystok 2009}) 10. Bb2 Qe7 11. Qc2 Ne4 12. Nxe4 {[#] aiming for Nc3.} fxe4 13. Nxe5 Bxe5 14. Rad1 Bd7 (14... Bxb2 $11 {keeps the balance.} 15. Qxb2 b6) 15. Bd4 ({White should try} 15. c5 $16) 15... b6 16. Qb2 Bxd4 17. Qxd4 Rae8 18. h3 h5 19. Qd5+ Kh7 20. Rd2 Rf5 21. Qb7 {[#]} (21. Qd4 $1 $11) 21... Bc8 $1 $17 {[%cal Rc8b7]} 22. Qxa7 (22. Qc6 $17) 22... Ra5 {Accuracy: White = 15%, Black = 29%.} 0-1

[Event "Nordic Chess-ch 2019"]
[Site "Sarpsborg"]
[Date "2019.06.21"]
[Round "1.25"]
[White "Ptacnikova, Lenka"]
[Black "Skaar, Ben Samuel Groth"]
[Result "1-0"]
[WhiteElo "2145"]
[BlackElo "1362"]
[Annotator "RC"]
[PlyCount "59"]
[EventDate "2019.06.21"]
[EventType "swiss"]
[EventCountry "NOR"]
[SourceTitle "playchess.com"]
[Source "ChessBase"]
[SourceQuality "1"]
[TimeControl "40/5400+30:1800+30"]

1. c4 {[%emt 0:00:00]} c5 {[%emt 0:00:00]} 2. g3 {[%emt 0:00:00]} g6 {[%emt 0:00:00]} 3. Bg2 {[%emt 0:00:00]} Bg7 {[%emt 0:00:02]} 4. Nc3 {[%emt 0:00:00]} Nf6 {[%emt 0:00:17]} 5. Nh3 {[%emt 0:00:15]} Nc6 {[%emt 0:00:15]} 6. Nf4 {[%emt 0:00:07]} e6 {[%emt 0:01:01]} 7. h4 {[%emt 0:00:45]} h5 {[%emt 0:01:37]} 8. d3 {[%emt 0:00:18]} b6 {[%emt 0:01:51]} 9. Bd2 {[%emt 0:00:28]} Bb7 {[%emt 0:00:11]} 10. a3 {[%emt 0:00:25]} Qc7 {[%emt 0:01:26]} 11. b4 {[%emt 0:06:24]} cxb4 {[%emt 0:02:31]} 12. axb4 {[%emt 0:01:24]} Nd4 {[%emt 0:00:15]} 13. e4 {[%emt 0:03:05]} O-O {[%emt 0:03:41]} 14. O-O {[%emt 0:00:20]} Rfd8 {[%emt 0:01:35]} 15. Re1 {[%emt 0:02:39]} e5 {[%emt 0:01:52]} 16. Nfe2 {[%emt 0:02:31]} Ne6 {[%emt 0:03:15]} 17. Ra2 {[%emt 0:08:51]} a5 {[%emt 0:01:43]} 18. Nb5 {[%emt 0:00:44]} Qb8 {[%emt 0:02:57]} 19. bxa5 {[%emt 0:01:39]} Bc6 {[%emt 0:01:36]} 20. Qb1 {[%emt 0:04:30]} Bxb5 {[%emt 0:06:10]} 21. cxb5 {[%emt 0:04:58]} bxa5 {[%emt 0:02:21]} 22. Rxa5 {[%emt 0:00:57]} Rxa5 {[%emt 0:00:11]} 23. Bxa5 {[%emt 0:00:04]} Rc8 {[%emt 0:00:19]} 24. b6 {[%emt 0:05:24]} Nd8 {[%emt 0:02:10]} 25. Qb5 {[%emt 0:04:58]} Nb7 {[%emt 0:03:47]} 26. Bb4 {[%emt 0:04:50]} d6 {[%emt 0:06:16]} 27. Nc3 {[%emt 0:08:38]} Bh6 {[%emt 0:03:41]} 28. Rd1 {[%emt 0:11:21]} Nc5 {[%emt 0:02:50]} 29. Bh3 {[%emt 0:06:12]} Ng4 {[%emt 0:02:03]} 30. Nd5 {[%emt 0:00:28]} 1-0

[Event "Nordic Chess-ch 2019"]
[Site "Sarpsborg"]
[Date "2019.06.21"]
[Round "1.26"]
[White "Asbjornsen, Jakob"]
[Black "Kvaloy, Aksel Bu"]
[Result "0-1"]
[WhiteElo "1359"]
[BlackElo "2138"]
[Annotator "TA"]
[PlyCount "62"]
[EventDate "2019.06.21"]
[EventType "swiss"]
[EventCountry "NOR"]
[SourceTitle "playchess.com"]
[Source "ChessBase"]
[SourceQuality "1"]

{[%evp 17,62,22,35,16,20,-51,35,37,33,0,0,0,0,0,0,0,0,-8,4,-8,6,0,9,2,8,13,44,-58,-77,-68,-62,-405,-364,-358,-190,-364,-355,-319,-339,-1096,-1066,-1089,-1091,-1091,-1064,-913,-844]} 1. e4 c5 2. Ne2 d6 3. Nbc3 a6 4. g3 Nc6 5. Bg2 g6 6. O-O Bg7 7. d3 e6 8. Be3 Nd4 9. Qd2 Ne7 10. Rab1 {B26: Closed Sicilian: 3 g3, lines with early Be3} (10. Nd1 O-O 11. Nc1 e5 12. c3 Ndc6 13. Bh6 Bxh6 14. Qxh6 f5 15. Ne2 Be6 16. Ne3 d5 {½-½ (16) Jovanovic,Z (2529)-Szabo,G (2550) Hungary 2013}) 10... O-O 11. Bh6 $146 (11. b4 $11) ({Predecessor:} 11. f4 Rb8 12. g4 Kh8 13. Ng3 f5 14. h3 Bd7 15. Nd1 Ndc6 {0-1 (63) Sallai,J (2058)-Hibjan,T (2167) Hungary 2016}) 11... b5 (11... Bxh6 $1 $15 12. Qxh6 Nxc2) 12. Bxg7 $14 {White is slightly better.} Kxg7 13. Nxd4 (13. f4 {is interesting.} b4 14. Nd1 Rb8 15. Ne3 Bd7 16. c3) 13... cxd4 14. Ne2 e5 15. f4 f6 16. c3 dxc3 17. bxc3 Qb6+ 18. Kh1 Be6 19. a4 Qc6 20. axb5 axb5 21. Rb2 f5 22. d4 (22. c4 $14 bxc4 23. Nc3 fxe4 24. dxe4) 22... fxe4 $15 23. Qe3 Bd5 24. fxe5 $2 {[%mdl 8192] [#]} (24. dxe5 $15 dxe5 25. g4) 24... Rxf1+ $19 25. Bxf1 Nf5 (25... Ra1 $142 26. Kg1 dxe5) 26. Qf4 $2 (26. Qc1) 26... e3+ 27. Kg1 Ra1 {[#] Threatens to win with ...Bg2.} 28. g4 $2 (28. Rc2 Bg2 29. Rc1 Rxc1 30. Nxc1 Bxf1 {[%mdl 64] Overworked Piece} 31. Qxf1 dxe5 32. dxe5 Qxc3 33. e6) 28... Bg2 $1 {[%cal Rg2f1] Black is clearly winning.} 29. gxf5 Rxf1+ 30. Qxf1 Bxf1 31. Kxf1 dxe5 {Played: Qc6-f3} 0-1

[Event "Nordic Chess-ch 2019"]
[Site "Sarpsborg"]
[Date "2019.06.21"]
[Round "1.27"]
[White "Sahl, Sheila Barth"]
[Black "Kristiansen, Terje"]
[Result "1-0"]
[WhiteElo "2127"]
[BlackElo "1330"]
[Annotator "TA"]
[PlyCount "65"]
[EventDate "2019.06.21"]
[EventType "swiss"]
[EventCountry "NOR"]
[SourceTitle "playchess.com"]
[Source "ChessBase"]
[SourceQuality "1"]

{[%evp 18,65,51,50,54,53,71,70,68,74,108,79,300,280,456,473,485,495,489,484,611,606,662,633,1036,491,979,593,589,588,602,576,666,669,3652,3403,2988,2654,29976,29977,29990,29991,29991,29992,29992,29991,29991,29992,29992,29993]} 1. e4 c6 2. d4 d5 3. exd5 cxd5 4. Bd3 Nf6 5. c3 Nc6 6. Bf4 e6 7. Nf3 Bd6 8. Bxd6 Qxd6 9. O-O O-O 10. Re1 Qd8 $146 {B13: Caro-Kann: Exchange Variation and Panov-Botvinnik Attack} ({Predecessor:} 10... Rb8 11. Ne5 {½-½ (11) Grigorjev,I (2314)-Sadovsky,A (2399) Lipetsk 2018}) 11. Nbd2 Bd7 12. Ne5 Rc8 {White is slightly better.} 13. Re3 Ne7 14. Rh3 {Hoping for Bxh7+!} Nf5 $2 {[#]} (14... h6 $16) 15. g4 $1 $18 Nd6 $2 {[#]} (15... Rc7 {was worth a try.} 16. Kh1 g6 17. gxf5 exf5) 16. g5 $1 Bb5 {intending ...Bxd3.} 17. gxf6 Bxd3 18. fxg7 ({Not} 18. Nxd3 Qxf6 19. Qg4 h6 $18) 18... Re8 19. Nxd3 {Strongly threatening Qh5.} Qg5+ 20. Kh1 Nf5 21. Qh5 (21. Qe2 $142) 21... h6 (21... Qxh5 $142 22. Rxh5 Kxg7) 22. Qxg5 hxg5 23. Rg1 f6 24. f4 Kxg7 25. fxg5 Kg6 26. Nf4+ Kf7 27. Rh7+ Kg8 28. Rxb7 {White mates.} Re7 29. gxf6+ {[%mdl 64] Discovered Attack} Kf8 30. fxe7+ Nxe7 31. Nxe6+ Kf7 32. Rg7+ Kxe6 33. Rbxe7+ 1-0

[Event "Nordic Chess-ch 2019"]
[Site "Sarpsborg"]
[Date "2019.06.21"]
[Round "1.28"]
[White "Hoiom, Jonas"]
[Black "Neretljak, Nedzad"]
[Result "0-1"]
[WhiteElo "1317"]
[BlackElo "2114"]
[Annotator "TA"]
[PlyCount "38"]
[EventDate "2019.06.21"]
[EventType "swiss"]
[EventCountry "NOR"]
[SourceTitle "playchess.com"]
[Source "ChessBase"]
[SourceQuality "1"]

{[%evp 12,38,29,8,60,50,31,20,49,-16,-23,-36,0,-104,-104,-190,-183,-215,-205,-360,-361,-656,-672,-1989,-2015,-29996,-29997,-29997,-29998]} 1. d4 d5 2. c4 c6 3. Nc3 e6 4. Nf3 Nf6 5. g3 Bd6 6. Bg2 Nbd7 {[%cal Bb8d7,Bd7c5,Bc5d3][%mdl 32]} 7. O-O h6 {E01: Catalan: Early deviations} (7... dxc4 $11 8. Bg5 O-O) (7... O-O 8. Nd2 c5 9. cxd5 exd5 10. dxc5 Nxc5 11. Nb3 Nxb3 12. axb3 Be6 13. Nxd5 Nxd5 14. Bxd5 Qe7 15. Bxe6 Qxe6 16. Ra4 {1-0 (33) Ivanisevic,I (2630)-Todorovic,G (2457) Kragujevac 2017}) 8. Qc2 dxc4 9. a4 O-O {The position is equal.} 10. e4 $146 (10. Nd2 $14) ({Predecessor:} 10. Nd2 e5 11. Nxc4 Bc7 12. Rd1 exd4 13. Rxd4 Qe7 14. b3 Qe6 15. Ba3 Re8 16. h3 Be5 17. Nxe5 Qxe5 {1-0 (29) Hubbard,M (2000)-Mitra,R (1888) London 2013}) 10... e5 $11 11. d5 Nc5 12. dxc6 (12. Nd2 $1 $11 {remains equal.}) 12... bxc6 $17 13. Nd2 (13. Be3 $17) 13... Ba6 $19 14. Rd1 Nd3 15. Bf1 $2 {[#]} (15. Nxc4 {was worth a try.} Bxc4 16. Rxd3) 15... Nxf2 $1 {[%mdl 512] ...Bc5 is the strong threat.} 16. Kxf2 $2 {[#]} (16. Nxc4 Nxd1 17. Nxd1) 16... Ng4+ $1 {[%mdl 64] Double Attack} ({And not} 16... Bc5+ 17. Kg2 $16) 17. Ke2 Qb6 {[%csl Gg4][%cal Rb6f2]} 18. Kf3 Qf2+ {[%mdl 64] Double Attack} 19. Kxg4 Bc8+ {Accuracy: White =  0%, Black = 66%.} 0-1